| 000 -LEADER |
| fixed length control field |
01232cam a2200265 i 4500 |
| 001 - CONTROL NUMBER |
| control field |
18426548 |
| 005 - DATE AND TIME OF LATEST TRANSACTION |
| control field |
20221107114917.0 |
| 008 - FIXED-LENGTH DATA ELEMENTS--GENERAL INFORMATION |
| fixed length control field |
150102s2015 paua bf 001 0 eng |
| 020 ## - INTERNATIONAL STANDARD BOOK NUMBER |
| International Standard Book Number |
9781451188806 X |
| 041 ## - LANGUAGE CODE |
| Language code of text/sound track or separate title |
eng |
| 080 ## - UNIVERSAL DECIMAL CLASSIFICATION NUMBER |
| Universal Decimal Classification number |
618.2 T-44 |
| 245 04 - TITLE STATEMENT |
| Title |
The Johns Hopkins manual of gynecology and obstetrics / |
| Statement of responsibility, etc. |
Department of Gynecology and Obstetrics, The Johns Hopkins University School of Medicine, Baltimore, Maryland ; editors, Clark T. Johnson, MD, MPH, Jennifer L. Hallock, MD, Jessica L. Bienstock, MD, MPH, Harold E. Fox, MD, MSc, Edward E. Wallach, MD. |
| 250 ## - EDITION STATEMENT |
| Edition statement |
Fifth edition. |
| 264 #1 - PRODUCTION, PUBLICATION, DISTRIBUTION, MANUFACTURE, AND COPYRIGHT NOTICE |
| Place of production, publication, distribution, manufacture |
Philadelphia : |
| Name of producer, publisher, distributor, manufacturer |
Wolters Kluwer, |
| Date of production, publication, distribution, manufacture, or copyright notice |
2015. |
| 300 ## - PHYSICAL DESCRIPTION |
| Extent |
712 pages : |
| Other physical details |
illustrations ; |
| Dimensions |
21 cm. |
| 653 ## - INDEX TERM--UNCONTROLLED |
| keyword |
გინეკოლოგია |
| 653 ## - INDEX TERM--UNCONTROLLED |
| keyword |
მეანობა |
| 653 ## - INDEX TERM--UNCONTROLLED |
| keyword |
მედიცინა |
| 700 1# - ADDED ENTRY--PERSONAL NAME |
| Personal name |
Johnson, Clark T., |
| Relator term |
რედაქტორი |
| 9 (RLIN) |
8693 |
| 700 1# - ADDED ENTRY--PERSONAL NAME |
| Personal name |
Hallock, Jennifer L., |
| Relator term |
რედაქტორი |
| 9 (RLIN) |
8694 |
| 700 1# - ADDED ENTRY--PERSONAL NAME |
| Personal name |
Bienstock, Jessica L., |
| Relator term |
რედაქტორი |
| 9 (RLIN) |
8695 |
| 700 1# - ADDED ENTRY--PERSONAL NAME |
| Personal name |
Fox, Harold E. |
| Fuller form of name |
(Harold Edward), |
| Dates associated with a name |
|
| Relator term |
რედაქტორი |
| 9 (RLIN) |
8696 |
| 700 1# - ADDED ENTRY--PERSONAL NAME |
| Personal name |
Wallach, Edward E., |
| Dates associated with a name |
|
| Relator term |
რედაქტორი |
| 9 (RLIN) |
8697 |
| 942 ## - ADDED ENTRY ELEMENTS (KOHA) |
| Source of classification or shelving scheme |
|
| Koha item type |
წიგნი |